| 000 | 00000nam 2200000za 4500 |
| 001 | 9.816778 |
| 003 | CaOODSP |
| 005 | 20250915092432 |
| 007 | cr ||||||||||| |
| 008 | 160503s2016 onc o f000 0 fre d |
| 040 | |aCaOODSP|bfre |
| 043 | |an-cn--- |
| 086 | 1 |aRv55-5/21-1-1-2016F-PDF |
| 245 | 00|aPrivilèges douaniers accordés aux missions diplomatiques, aux postes consulaires et aux organisations internationales accréditées (numéro tarifaire 9808.00.00) |h[ressource électronique]. |
| 250 | |a[Édition de 28 avril 2016] |
| 260 | |aOttawa : |bAgence des services frontaliers du Canada, |c2016. |
| 300 | |a17 p. |
| 490 | 1 |aMémorandum, |x2369-2405 ; |vD21-1-1, le 28 avril 2016 |
| 500 | |aTitre de départ. |
| 500 | |a« Ceci annule le mémorandum D : D21-1-1 daté le 25 avril 2000 » -- p. 17. |
| 500 | |aPubl. aussi en anglais sous le titre : Customs privileges for diplomatic missions, consular posts and accredited international organizations (tariff Item no. 9808.00.00). |
| 520 | |a« Le présent mémorandum décrit et explique les exemptions et les privilèges douaniers accordés aux représentants étrangers affectés au Canada à des missions diplomatiques, à des postes consulaires et à certaines organisations internationales accréditées par le ministère des Affaires étrangères, du Commerce et du Développement (MAECD) » -- En résumé, p. [1]. |
| 692 | 07|2gccst|aMission diplomatique |
| 692 | 07|2gccst|aServices consulaires |
| 692 | 07|2gccst|aOrganisme international |
| 692 | 07|2gccst|aDouanes |
| 710 | 2 |aAgence des services frontaliers du Canada. |
| 775 | 08|tCustoms privileges for diplomatic missions, consular posts and accredited international organizations (tariff Item no. 9808.00.00) |w(CaOODSP)9.816776 |
| 794 | |tPrivilèges douaniers accordés aux missions diplomatiques, aux postes consulaires et aux organisations internationales accréditées (numéro tarifaire 9808.00.00) |b[Édition de 4 janvier 2018]|w(CaOODSP)9.850837 |
| 830 | #0|aMémorandum D21 - programmes internationaux,|x2369-2405 ; |vD21-1-1, le 28 avril 2016.|w(CaOODSP)9.816826 |
| 856 | 40|qPDF|s210 Ko|uhttps://publications.gc.ca/collections/collection_2016/asfc-cbsa/Rv55-5-21-1-1-2016-fra.pdf |